The photography reader : history and theory /

Bibliographic Details
Other Authors: Wells, Liz, 1948- (Editor)
Format: Book
Language:English
Published: London ; New York : Routledge, [2019]
Edition:Second edition.
Subjects:

MARC

Tag First Indicator Second Indicator Subfields
LEADER 00000cam a2200000 i 4500
001 in00004032721
005 20190422104500.0
008 180402t20192019enka b 001 0 eng
010 |a  2018013725 
020 |a 9780415749176  |q hardcover  |q alkaline paper 
020 |a 0415749174  |q hardcover  |q alkaline paper 
020 |a 9780415749183  |q paperback  |q alkaline paper 
020 |a 0415749182  |q paperback  |q alkaline paper 
035 |a (OCoLC)on1031053329 
040 |a DLC  |e rda  |c DLC  |d UtOrBLW 
049 |a TXAM 
050 0 0 |a TR187  |b .P56 2019 
082 0 0 |a 770  |2 23 
245 0 4 |a The photography reader :  |b history and theory /  |c edited by Liz Wells. 
250 |a Second edition. 
264 1 |a London ;  |a New York :  |b Routledge,  |c [2019] 
264 4 |c ©2019 
300 |a xxiv, 532 pages :  |b illustrations ;  |c 26 cm. 
336 |a text  |b txt  |2 rdacontent 
337 |a unmediated  |b n  |2 rdamedia 
338 |a volume  |b nc  |2 rdacarrier 
504 |a Includes bibliographical references and index. 
650 0 |a Photographic criticism.  |0 http://id.loc.gov/authorities/subjects/sh86003955 
650 0 |a Photography  |x History.  |0 http://id.loc.gov/authorities/subjects/sh2008109260 
700 1 |a Wells, Liz,  |d 1948-  |e editor.  |0 http://id.loc.gov/authorities/names/n96035314 
945 |b 857042 
947 |a A14850566390 
948 |a cataloged  |b h  |c 2019/2/4  |d c  |e DMITCHELF@:17:07 pm 
948 |a cataloged  |b h  |c 2019/2/4  |d c  |e dmitchel  |f 2:20:20 pm 
994 |a 92  |b TXA 
999 f f |s 780afaff-d768-33bd-9b91-c993e2e71220  |i 9c592ec2-8b8b-3a09-a350-4891abfe00dd  |t 0 
952 f f |p normal  |a Texas A&M University  |b College Station  |c Sterling C. Evans Library  |d Evans: Library Stacks  |t 0  |e TR187 .P56 2019  |h Library of Congress classification  |i unmediated -- volume  |m A14850566390 
998 f f |a TR187 .P56 2019  |t 0  |l Evans: Library Stacks